| 000 | 00212nam a22000737a 4500 | ||
|---|---|---|---|
| 999 |
_c23966 _d23966 |
||
| 003 | Nust | ||
| 005 | 20170308141005.0 | ||
| 008 | 140429b xxu||||| |||| 00| 0 eng d | ||
| 020 |
_cAvailable _a8178085755 |
||
| 040 |
_aDLC _bDLC _cRCMS |
||
| 082 | _a005.74 LAM | ||
| 100 | _aLamport,Leslie | ||
| 245 | _aLatex: A Document Preparation System,User's Guide | ||
| 260 |
_aIndia _bPearson Education _cc1994 |
||
| 300 |
_axvi,272,p: _bill: _c26,cm. |
||
| 650 | _a1.LATEX (Computer file) 2.Computerized typesetting. | ||
| 856 | _3Table of content only | ||
| 942 |
_2ddc _cBK |
||